000 00380nam a22001457a 4500
005 20150331120532.0
008 150331b xxu||||| |||| 00| 0 eng d
040 _cPK-LaUMT
082 _aKHC 954.0357
_bLAT-H
100 _aLatif Amritsari
245 _aA harvest of human heads
_cLatif Amritsari
260 _aMultan
_bCarvan book centre
_c1983
300 _a272 p.
942 _cBK
999 _c68508
_d68508